| Tag |
First Indicator |
Second Indicator |
Subfields |
| LEADER |
00000cam a2200000 a 4500 |
| 001 |
in00000019019 |
| 005 |
20151007054134.0 |
| 008 |
870311s1987 dcu b 00010 eng |
| 010 |
|
|
|a 87006819
|
| 020 |
|
|
|c $19.95 (pbk.)
|
| 035 |
|
|
|a (OCoLC)15427970
|
| 035 |
|
|
|9 AAB4102AM
|
| 040 |
|
|
|a DLC
|c DLC
|d TXA
|d UtOrBLW
|
| 043 |
|
|
|a s-ag---
|a s-bl---
|a n-mx---
|
| 049 |
|
|
|a TXAM
|c [A11501642]
|
| 050 |
0 |
0 |
|a HD9696.C63
|b B728 1987
|
| 082 |
0 |
|
|a 338.4/7004/0981
|2 19
|
| 100 |
1 |
|
|a Cline, William R.
|
| 245 |
1 |
0 |
|a Informatics and development :
|b trade and industrial policy in Argentina, Brazil, and Mexico /
|c by William R. Cline.
|
| 264 |
|
1 |
|a Washington, D.C. (9416 Friendship Station, Washington 20016) :
|b Economics International,
|c [1987]
|
| 300 |
|
|
|a vi, 161 pages ;
|c 23 cm.
|
| 336 |
|
|
|a text
|b txt
|2 rdacontent
|
| 337 |
|
|
|a unmediated
|b n
|2 rdamedia
|
| 338 |
|
|
|a volume
|b nc
|2 rdacarrier
|
| 500 |
|
|
|a "February 1987."
|
| 504 |
|
|
|a Includes bibliographical references.
|
| 650 |
|
0 |
|a Computer industry
|x Government policy
|z Brazil.
|
| 650 |
|
0 |
|a Computer industry
|x Government policy
|z Argentina.
|
| 650 |
|
0 |
|a Computer industry
|x Government policy
|z Mexico.
|
| 650 |
|
0 |
|a Computer software industry
|x Government policy
|z Brazil.
|
| 650 |
|
0 |
|a Computer software industry
|x Government policy
|z Argentina.
|
| 650 |
|
0 |
|a Computer software industry
|x Government policy
|z Mexico.
|
| 999 |
|
|
|a MARS
|
| 999 |
f |
f |
|s 55e4084a-7cad-30c3-84af-228934673211
|i 3c1e5b89-0955-3603-a221-5f63159d45c1
|t 0
|
| 952 |
f |
f |
|p ric
|a Texas A&M University
|b Rellis Campus
|c Joint Library Facility
|d Remote Storage
|t 0
|e HD9696.C63 B728 1987
|h Library of Congress classification
|i unmediated -- volume
|m A14811501642
|
| 998 |
f |
f |
|a HD9696.C63 B728 1987
|t 0
|l Remote Storage
|